| 000 | 00619nam a22002177a 4500 | ||
|---|---|---|---|
| 001 | 000403 | ||
| 003 | DO-SdBNP | ||
| 005 | 20160720145234.0 | ||
| 007 | 000403 | ||
| 008 | 160719b nyu 2002 ||||| |||| 00| 0 spa d | ||
| 020 | _a0439446333 | ||
| 040 |
_aBPMSU _bspa _cBPMSU |
||
| 092 |
_axxxxx _bxxxxx |
||
| 100 | 1 | _aEllis, Deborah | |
| 245 | 1 | 0 |
_aThe breadwinner / _cDeborah Ellis. |
| 246 |
_aThe breadwinner : _ban Afghan child in a war torn land |
||
| 260 |
_aNew York ; Toronto : _bScholastic, _c2002. |
||
| 500 | _aPúblico juvenil : Inglés | ||
| 942 |
_2ddc _cBK |
||
| 956 |
_2LOPEREZ _310 _620130719 _8BPMSU _a00041 |
||
| 999 |
_c10947 _d10947 |
||